The Post Office Electrical Engineers' journal.

Bibliographic Details
New Title:British telecommunications engineering
Corporate Author: Institution of Post Office Electrical Engineers
Format: Journal
Language:English
Published: [London] : Institution of Post Office Electrical Engineers, 1908-1982.
Subjects:
Online Availability: Check for online availability

MARC

Tag First Indicator Second Indicator Subfields
LEADER 00000cas a2200000 4500
001 in00000045058
005 20151007065210.0
008 760712d19081982enkqr p 0uuua0enged
010 |a  48034261  
022 |a 0032-5287 
035 |a (OCoLC)02449811 
035 |9 AAE1493AM 
040 |a DLC  |c QPR  |d OCL  |d MUL  |d TXA  |d UtOrBLW 
049 |a TXAE 
050 0 0 |a TK1  |b .P75 
082 0 |a 621.3805 
245 0 4 |a The Post Office Electrical Engineers' journal. 
264 1 |a [London] :  |b Institution of Post Office Electrical Engineers,  |c 1908-1982. 
300 |a  volumes :  |b illustrations, portraits  |a quarterly. 
336 |a text  |b txt  |2 rdacontent 
337 |a unmediated  |b n  |2 rdamedia 
338 |a volume  |b nc  |2 rdacarrier 
362 0 |a Vol. 1 (1908)-v. 74 (1982). 
525 |a Questions and answers to City and Guilds of London Institute Examinations published as a supplement to most issues. 
555 |a V. 19-28, 1926-1938; 29-38, Apr. 1936-Jan. 1946. 1 vol. 
580 |a Questions and answers to City and Guilds of London Institute Examinations published as a supplement to most issues. 
650 0 |a Telephone  |v Periodicals. 
650 0 |a Telegraph  |x Periodicals. 
650 0 |a Electrical engineering  |v Periodicals. 
710 2 |a Institution of Post Office Electrical Engineers. 
770 0 |t Questions and answers to City and Guilds of London Institute Examinations 
785 0 0 |t British telecommunications engineering  |w  (DLC) 82645816 
999 |a MARS 
999 f f |s ee38adef-49a5-313b-8cad-aa3c47dc23f2  |i 46b38768-d030-3743-92f8-1802b0e532da  |t 0 
952 f f |p serial  |a Texas A&M University  |b College Station  |c Sterling C. Evans Library  |d Evans: Library Stacks  |t 0  |e TK1 .P75  |h Library of Congress classification  |i unmediated -- volume  |k v.65  |l 1972/1973  |m A14820310600 
952 f f |p serial  |a Texas A&M University  |b College Station  |c Sterling C. Evans Library  |d Evans: Library Stacks  |t 0  |e TK1 .P75  |h Library of Congress classification  |i unmediated -- volume  |k v.43-44  |l Apr. 1950-Jan. 1952  |m A14852076299 
952 f f |p serial  |a Texas A&M University  |b College Station  |c Sterling C. Evans Library  |d Evans: Library Stacks  |t 0  |e TK1 .P75  |h Library of Congress classification  |i unmediated -- volume  |k v.47-48  |l Apr. 1954-Jan. 1956  |m A14852076315 
952 f f |p serial  |a Texas A&M University  |b College Station  |c Sterling C. Evans Library  |d Evans: Library Stacks  |t 0  |e TK1 .P75  |h Library of Congress classification  |i unmediated -- volume  |k v.59-60  |l Apr. 1966-Jan. 1968  |m A14852076372 
952 f f |p serial  |a Texas A&M University  |b College Station  |c Sterling C. Evans Library  |d Evans: Library Stacks  |t 0  |e TK1 .P75  |h Library of Congress classification  |i unmediated -- volume  |k v.35-36(Msg.v.35:nos.1-3)  |l 1943/1944  |m A14852076257 
952 f f |p serial  |a Texas A&M University  |b College Station  |c Sterling C. Evans Library  |d Evans: Library Stacks  |t 0  |e TK1 .P75  |h Library of Congress classification  |i unmediated -- volume  |k v.45-46  |l Apr. 1952-Jan. 1954  |m A14852076307 
952 f f |p serial  |a Texas A&M University  |b College Station  |c Sterling C. Evans Library  |d Evans: Library Stacks  |t 0  |e TK1 .P75  |h Library of Congress classification  |i unmediated -- volume  |k v.64  |l 1971/72  |m A14852076422 
952 f f |p serial  |a Texas A&M University  |b College Station  |c Sterling C. Evans Library  |d Evans: Library Stacks  |t 0  |e TK1 .P75  |h Library of Congress classification  |i unmediated -- volume  |k v.57-58  |l Apr. 1964-Jan. 1966  |m A14852076364 
952 f f |p serial  |a Texas A&M University  |b College Station  |c Sterling C. Evans Library  |d Evans: Library Stacks  |t 0  |e TK1 .P75  |h Library of Congress classification  |i unmediated -- volume  |k v.70  |l 1977/78  |m A14852076489 
952 f f |p serial  |a Texas A&M University  |b College Station  |c Sterling C. Evans Library  |d Evans: Library Stacks  |t 0  |e TK1 .P75  |h Library of Congress classification  |i unmediated -- volume  |k v.63  |l 1970/71  |m A14852076414 
952 f f |p serial  |a Texas A&M University  |b College Station  |c Sterling C. Evans Library  |d Evans: Library Stacks  |t 0  |e TK1 .P75  |h Library of Congress classification  |i unmediated -- volume  |k v.69  |l 1976/77  |m A14852076471 
952 f f |p serial  |a Texas A&M University  |b College Station  |c Sterling C. Evans Library  |d Evans: Library Stacks  |t 0  |e TK1 .P75  |h Library of Congress classification  |i unmediated -- volume  |k v.73-74  |l 1980/82  |m A14852076513 
952 f f |p serial  |a Texas A&M University  |b College Station  |c Sterling C. Evans Library  |d Evans: Library Stacks  |t 0  |e TK1 .P75  |h Library of Congress classification  |i unmediated -- volume  |k v.62  |l 1969/70  |m A14852076406 
952 f f |p serial  |a Texas A&M University  |b College Station  |c Sterling C. Evans Library  |d Evans: Library Stacks  |t 0  |e TK1 .P75  |h Library of Congress classification  |i unmediated -- volume  |k v.67:no.1  |l April 1974  |m A14852076448 
952 f f |p serial  |a Texas A&M University  |b College Station  |c Sterling C. Evans Library  |d Evans: Library Stacks  |t 0  |e TK1 .P75  |h Library of Congress classification  |i unmediated -- volume  |k v.37-38(msg.v.37:nos.1-3)  |l 1945/46  |m A14852076265 
952 f f |p serial  |a Texas A&M University  |b College Station  |c Sterling C. Evans Library  |d Evans: Library Stacks  |t 0  |e TK1 .P75  |h Library of Congress classification  |i unmediated -- volume  |k v.41-42  |l Apr. 1948-Jan. 1950  |m A14852076281 
952 f f |p serial  |a Texas A&M University  |b College Station  |c Sterling C. Evans Library  |d Evans: Library Stacks  |t 0  |e TK1 .P75  |h Library of Congress classification  |i unmediated -- volume  |k v.68  |l 1975/76  |m A14852076463 
952 f f |p serial  |a Texas A&M University  |b College Station  |c Sterling C. Evans Library  |d Evans: Library Stacks  |t 0  |e TK1 .P75  |h Library of Congress classification  |i unmediated -- volume  |k v.49-50  |l Apr. 1956-Jan. 1958  |m A14852076323 
952 f f |p serial  |a Texas A&M University  |b College Station  |c Sterling C. Evans Library  |d Evans: Library Stacks  |t 0  |e TK1 .P75  |h Library of Congress classification  |i unmediated -- volume  |k v.55-56  |l Apr. 1962-Jan. 1964  |m A14852076356 
952 f f |p serial  |a Texas A&M University  |b College Station  |c Sterling C. Evans Library  |d Evans: Library Stacks  |t 0  |e TK1 .P75  |h Library of Congress classification  |i unmediated -- volume  |k v.61  |l 1968/69  |m A14852076398 
952 f f |p serial  |a Texas A&M University  |b College Station  |c Sterling C. Evans Library  |d Evans: Library Stacks  |t 0  |e TK1 .P75  |h Library of Congress classification  |i unmediated -- volume  |k v.51-52  |l Apr. 1958-Jan. 1960  |m A14852076331 
952 f f |p serial  |a Texas A&M University  |b College Station  |c Sterling C. Evans Library  |d Evans: Library Stacks  |t 0  |e TK1 .P75  |h Library of Congress classification  |i unmediated -- volume  |k v.39-40  |l Apr. 1946-Jan. 1948  |m A14852076273 
952 f f |p serial  |a Texas A&M University  |b College Station  |c Sterling C. Evans Library  |d Evans: Library Stacks  |t 0  |e TK1 .P75  |h Library of Congress classification  |i unmediated -- volume  |k v.67  |l 1974/75  |m A14852076455 
952 f f |p serial  |a Texas A&M University  |b College Station  |c Sterling C. Evans Library  |d Evans: Library Stacks  |t 0  |e TK1 .P75  |h Library of Congress classification  |i unmediated -- volume  |k v.66  |l 1973/74  |m A14852076430 
952 f f |p serial  |a Texas A&M University  |b College Station  |c Sterling C. Evans Library  |d Evans: Library Stacks  |t 0  |e TK1 .P75  |h Library of Congress classification  |i unmediated -- volume  |k v.53-54  |l Apr. 1960-Jan. 1962  |m A14852076349 
952 f f |p serial  |a Texas A&M University  |b College Station  |c Sterling C. Evans Library  |d Evans: Library Stacks  |t 0  |e TK1 .P75  |h Library of Congress classification  |i unmediated -- volume  |k v.72  |l 1979/80  |m A14852076505 
952 f f |p serial  |a Texas A&M University  |b College Station  |c Sterling C. Evans Library  |d Evans: Library Stacks  |t 0  |e TK1 .P75  |h Library of Congress classification  |i unmediated -- volume  |k v.59-60 Suppl.  |l Apr. 1966-Jan. 1968  |m A14852076380 
952 f f |p serial  |a Texas A&M University  |b College Station  |c Sterling C. Evans Library  |d Evans: Library Stacks  |t 0  |e TK1 .P75  |h Library of Congress classification  |i unmediated -- volume  |k v.71  |l Apr. 1978-Jan. 79  |m A14852076497 
998 f f |a TK1 .P75  |s v.35-74 (1943-1982)  |t 0  |l Evans: Library Stacks